| 000 | 00611nam a2200205 i 4500 | ||
|---|---|---|---|
| 001 | 110606 | ||
| 003 | ES-MaACL | ||
| 005 | 20250730063123.0 | ||
| 007 | t| | ||
| 008 | 070206s1918 sp |||| | spa d | ||
| 080 | _a821.134.2-32"18" | ||
| 100 | 1 |
_aReyes, Arturo, _d1864-1913 _996560 |
|
| 245 | 1 | 0 |
_aCartucherita _b: novela / _cpor Arturo Reyes. |
| 260 |
_aMadrid : _bLa Novela Corta, _c1918. |
||
| 300 |
_a[24] p. ; _c20 cm. |
||
| 490 | 1 |
_aLa novela corta ; _vaño 3, n. 121 |
|
| 830 | 0 |
_aLa novela corta ; _vaño 3, n. 121 _9182142 |
|
| 852 |
_aES-MaACL _j2213-F-20 |
||
| 999 |
_c110606 _d110606 |
||